000 02364cam a22002414a 4500
005 20250605164227.0
008 250528s ||||||||||||||||||||||||d
035 _a20892
020 _a9789604023998
040 _aGR-AtMCL
_bgre
_dGR-AtMCL
_eAACR2
245 1 _aΗ Ανάπτυξη των Παιδιών / Η αρχή της Ζωής: Εγκυμοσύνη, Τοκετός, Βρεφική ηλικία - Γνωστική και Ψυχοκοινωνική Ανάπτυξη κατά τη Νηπιακή και Μέση Παιδική Ηλικία
260 _bΤυπωθήτω,
_c2011
300 _a1128
520 _aΗ ανάπτυξη είναι μια διεργασία που εμπλέκει το παιδί σε ένα δυναμικά μεταλλασόμενο πλαίσιο. Η Μελέτη της Ανθρώπινης Ανάπτυξης, Η Ανθρώπινη κληρονομιά: Γονίδια και Περιβάλλον, Προγενετική Ανάπτυξη και Γέννηση, Πρώτη Βρεφική ηλικία: Οι αρχικές Ικανότητές και η Διεργασία της Αλλάγής, Τα Επιτεύγματα του Πρώτου Χρόνου, Το Τέλος της Βρεφικής Ηλικίας, Οι Πρώτες Εμπειρίες και οι Επιπτώσεις στη Μετέπειτα Ζωή, Η Απόκτηση της Γλώσσας, Η Σκέψη στη Νηπιακή Ηλικία: Νησίδες Ικανοτήτων, Κοινωνική Ανάπτυξη στη Νηπιακή Ηλικία, Τα Πλαίσια της Ανάπτυξης στη Νηπιακή Ηλικία, Γνωστικά και Βιολογικά Επιτεύγματα στη Μέση Παιδική Ηλικία, Σχολική Εκπαίδευση και Ανάπτυξη στη Μέση Παιδική Ηλικία, Η Κοινωνική Ανάπτυξη στη Μέση Παιδική Ηλικία, Βιβλιογραφία, Γλωσσάρι, Ευρετήριο Ονομάτων και Φωτογραφιών, Βιογραφικά.
700 1 _aCole Michael
_93056
700 1 _aCole Sheila R
_93057
700 1 _aΒορριά Παναγιώτα
_93058
700 1 _aΜπαμπλέκου Ζωή
_93060
700 1 _aΠαπαληγούρα Ζαϊρα
_93059
942 _cBK
999 _c5971
_d5971